000 00522nam a2200193Ia 4500
999 _c10044
_d10044
003 OSt
005 20191231093914.0
008 190216s9999||||xx |||||||||||||| ||und||
020 _a0395660300
040 _coclc
082 _a330
_bTAY/E
100 _aTaylor, John B
_9903
245 0 _aEconomics /
_cJohn B Taylor
250 _a1st ed.
260 _bAITBS Publishers And Distributors,
_c1997.
_aDelhi:
300 _a1227 p
650 _aEconomics
942 _cBK
_2ddc
_h330
_iTAY/E
_k330
_mTAY/E